The Apollo Fountain

Gespeichert in:
Bibliographische Detailangaben
1. Verfasser: Daniels, Dorothy
Format: Buch
Sprache:Undetermined
Veröffentlicht: New York, Estados Unidos Warner Communications Co. 1974
Schlagworte:
Tags: Tag hinzufügen
Keine Tags, Fügen Sie den ersten Tag hinzu!

MARC

LEADER 00000nam a2200000Ia 4500
008 170316s9999 xx 000 0 und d
090 |a 810 D-1a 
100 |a Daniels, Dorothy 
245 4 |a The Apollo Fountain 
260 |a New York, Estados Unidos 
260 |b Warner Communications Co. 
260 |c 1974 
300 |a 222 páginas 
650 |a LITERATURA ESTADOUNIDENSE 
999 |c 20948  |d 20948 
040 |a cru BVZT 
942 |c 15 D  |h 810 D-1a  |2 z